مكتبة جامعة عجلون الوطنية

فهرس بحث المكتبة

Normal view MARC view
  • وزارة التربية والتعليم، الأردن؛ اشراف مديرية التربية والتعليم لمحافظة جرش؛ اعداد مدرسة البرج الثانوية المخنلطة، جرش؛ تحرير لغوي مصطفى النوباني؛ تنسيق باسم عضيبات

Entry Personal Name

Number of records used in: 1

001 - CONTROL NUMBER

  • control field: 46190

003 - CONTROL NUMBER IDENTIFIER

  • control field: JO-AjAnu

005 - DATE AND TIME OF LATEST TRANSACTION

  • control field: 20230606081632.0

008 - FIXED-LENGTH DATA ELEMENTS

  • fixed length control field: 230606|| aca||aabn | a|a d

040 ## - CATALOGING SOURCE

  • Original cataloging agency: JO-AjAnu
  • Transcribing agency: JO-AjAnu

100 ## - HEADING--PERSONAL NAME

  • Personal name: وزارة التربية والتعليم، الأردن؛ اشراف مديرية التربية والتعليم لمحافظة جرش؛ اعداد مدرسة البرج الثانوية المخنلطة، جرش؛ تحرير لغوي مصطفى النوباني؛ تنسيق باسم عضيبات

670 ## - SOURCE DATA FOUND

  • Source citation: Work cat.: (JO-AjAnu)23644: وزارة التربية والتعليم، الأردن؛ اشراف مديرية التربية والتعليم لمحافظة جرش؛ اعداد مدرسة البرج الثانوية المخنلطة، جرش؛ تحرير لغوي مصطفى النوباني؛ تنسيق باسم عضيبات , author, المؤتمر العلمي الأول للطلبة الموهوبين بعنوان دور الأسرة والمدرسة في الكشف عن الطلبة الموهوبين، مديرية التربية والتعليم لمحافظة جرش، مدرسة البرج الثانوية المختلطة الشاملة